Cuộc chiến vì sức khỏe hành động và thành công

Cuốn sách giới thiệu bí quyết sống trường thọ, không bị bệnh tật quấy nhiễu và những phương pháp chăm sóc sức khỏe không cần thuốc. Đặc biệt là sách hướng dẫn cách điều trị bệnh thông qua ăn uống rau, củ, quả, luyện tập thể thao...

Celý popis

Uloženo v:
Podrobná bibliografie
Hlavní autor: Chowdhury, Biswaroop Roy
Další autoři: Nguyễn Hoàng Nam
Médium: Kniha
Jazyk:Vietnamese
Vydáno: H. Thông tấn 2017
Témata:
Tagy: Přidat tag
Žádné tagy, Buďte první, kdo otaguje tento záznam!
Thư viện lưu trữ: Thư viện Trường Đại học Nam Cần Thơ
LEADER 01498nam a22002297a 4500
001 NCT_33690
008 180427b xxu||||| |||| 00| 0 vie d
999 |c 1624  |d 1624 
020 |a 9786049532054  |c 170000 
082 0 4 |2 23rd ed.  |a 616.4  |b C845 
100 1 |a Chowdhury, Biswaroop Roy 
245 1 0 |a Cuộc chiến vì sức khỏe hành động và thành công  |c Biswaroop Roy Chowdhury, Nguyễn Hoàng Nam 
260 |a H.  |b Thông tấn  |c 2017 
300 |a 241 tr.  |b Minh họa  |c 21cm 
520 3 |a Cuốn sách giới thiệu bí quyết sống trường thọ, không bị bệnh tật quấy nhiễu và những phương pháp chăm sóc sức khỏe không cần thuốc. Đặc biệt là sách hướng dẫn cách điều trị bệnh thông qua ăn uống rau, củ, quả, luyện tập thể thao 
653 |a Y đa khoa 
700 1 |a Nguyễn Hoàng Nam 
942 |2 ddc  |c BK 
952 |0 0  |1 0  |2 ddc  |4 0  |6 616_400000000000000_C845  |7 0  |9 7756  |a 000001  |b 000001  |d 2018-04-27  |l 1  |o 616.4 C845  |p MD.10547  |r 2019-12-11  |s 2019-12-02  |v 170000.00  |w 2018-04-27  |y BK 
952 |0 0  |1 0  |2 ddc  |4 0  |6 616_400000000000000_C845  |7 0  |9 7757  |a 000001  |b 000001  |d 2018-04-27  |o 616.4 C845  |p MD.11751  |r 2018-06-07  |v 170000.00  |w 2018-04-27  |y BK 
952 |0 0  |1 0  |2 ddc  |4 0  |6 616_400000000000000_C845  |7 0  |9 7758  |a 000001  |b 000001  |d 2018-04-27  |o 616.4 C845  |p MD.11752  |r 2018-06-07  |v 170000.00  |w 2018-04-27  |y BK 
980 |a Thư viện Trường Đại học Nam Cần Thơ